[Event "It"]
[Site "Hereford ENG"]
[Date "2006.08.29"]
[Round "1"]
[White "McNab,C"]
[Black "Stark,L"]
[Result "1/2-1/2"]
[WhiteElo "2433"]
[BlackElo "2419"]
[EventDate "2006.08.29"]

1. c4 Nf6 2. Nf3 Nc6 3. g3 e5 4. Nc3 Nd4 5. Bg2 Nxf3+ 6. Bxf3 Bc5 7. e3 O-O
8. d4 exd4 9. exd4 Re8+ 10. Be3 Bb4 11. Qb3 Bxc3+ 12. bxc3 d6 13. O-O Rb8
14. Rfe1 h6 15. Qa3 Bg4 16. Bg2 a6 17. c5 d5 18. c6 bxc6 19. Qxa6 Qd7 20.
f3 Ra8 21. Qe2 Bf5 22. Qd2 Ra7 23. g4 Bg6 24. Bf4 Rea8 25. Re2 Ne8 26. Qe1
Nd6 27. Re7 Qd8 28. Bxd6 1/2-1/2

[Event "It"]
[Site "Hereford ENG"]
[Date "2006.08.29"]
[Round "1"]
[White "Gormally,D"]
[Black "Wells,P"]
[Result "1-0"]
[WhiteElo "2513"]
[BlackElo "2480"]
[EventDate "2006.08.29"]

1. d4 Nf6 2. c4 e6 3. Nf3 d5 4. Nc3 dxc4 5. e4 Bb4 6. Bg5 c5 7. e5 cxd4 8.
Qa4+ Nc6 9. O-O-O Bd7 10. Ne4 Be7 11. exf6 gxf6 12. Bh4 Rc8 13. Bxf6 Bxf6
14. Nd6+ Kf8 15. Nxc8 Qxc8 16. Qxc4 e5 17. Kb1 Bf5+ 18. Ka1 e4 19. Nd2 Kg7
20. g4 Bg6 21. Bg2 Re8 22. Rhe1 e3 23. fxe3 dxe3 24. g5 Bxg5 25. Ne4 Bxe4
26. Bxe4 Ne5 27. Qa4 Rd8 28. Rc1 Qd7 29. Qa5 Qd4 30. Rg1 Kh6 31. Bb1 e2 32.
Qa3 Nd3 33. Rxg5 Kxg5 34. Qe7+ Kh6 35. Bxd3 Qf4 36. Bb1 Rd1 37. Rc5 1-0

[Event "It"]
[Site "Hereford ENG"]
[Date "2006.08.29"]
[Round "1"]
[White "Palliser,R"]
[Black "Sowray,P"]
[Result "1/2-1/2"]
[WhiteElo "2413"]
[BlackElo "2357"]
[EventDate "2006.08.29"]

1. d4 d5 2. c4 dxc4 3. Nf3 Nf6 4. e3 e6 5. Bxc4 c5 6. O-O a6 7. Bb3 b5 8.
a4 b4 9. Nbd2 Bb7 10. e4 cxd4 11. e5 Nfd7 12. Nc4 Nc6 13. Bg5 Qc7 14. Rc1
Nc5 15. Bc2 Rc8 16. Re1 Na5 17. Nxa5 Bxf3 18. gxf3 Qxa5 19. Qxd4 Qc7 20.
Bd3 Qb7 21. Red1 f6 22. exf6 gxf6 23. Bxa6 Qxa6 24. Rxc5 Be7 25. Rxc8+ Qxc8
26. Bh4 Rg8+ 27. Bg3 Qc6 28. Qe4 Qxe4 29. fxe4 Kf7 30. Kf1 Rc8 31. Bf4 Rc4
32. f3 b3 33. Rd3 Rxa4 34. Rxb3 f5 35. Rb7 Ke8 36. b3 Ra2 37. exf5 exf5 38.
Rb5 Rb2 39. Be5 Rb1+ 40. Ke2 Kf7 41. Bg3 Kg6 42. Rb6+ Kf7 43. Rb7 Ke6 44.
Rb6+ Kf7 45. Rb5 Kg6 46. Ke3 Bg5+ 47. f4 Be7 48. Kd4 h5 49. Rb6+ Bf6+ 50.
Ke3 1/2-1/2

[Event "It"]
[Site "Hereford ENG"]
[Date "2006.08.29"]
[Round "2"]
[White "Sowray,P"]
[Black "Cobb,J"]
[Result "1/2-1/2"]
[WhiteElo "2357"]
[BlackElo "2370"]
[EventDate "2006.08.29"]

1. e4 e5 2. Nf3 Nc6 3. Bb5 a6 4. Bxc6 dxc6 5. O-O Bd6 6. d4 exd4 7. Qxd4 f6
8. Be3 Be6 9. Nbd2 Ne7 10. Qc3 Qd7 11. Nc4 Bxc4 12. Qxc4 O-O-O 13. b4 Ng6
14. a4 Rhe8 15. Rfb1 Ne5 16. Nxe5 Bxe5 17. Ra2 Qd1+ 18. Qf1 Qxf1+ 19. Kxf1
Bd4 20. Bxd4 Rxd4 21. f3 Rd2 22. Rab2 Red8 23. c3 R8d3 24. Rxd2 Rxd2 25.
Re1 Rc2 26. Re3 Kd7 27. f4 Kd6 28. h4 g6 29. Kg1 b6 30. Kh2 a5 31. bxa5
bxa5 32. Kg3 Ra2 33. e5+ fxe5 34. Rxe5 Rxa4 35. h5 Ra3 36. hxg6 hxg6 37.
Kf2 Rxc3 38. Rxa5 c5 39. Ra8 Ke6 40. Ra6+ Kf5 41. Rc6 Kxf4 42. Rxg6 Rc2+
43. Ke1 Ke3 44. Kd1 Rd2+ 45. Kc1 Rd6 46. Rg7 c6 47. Kc2 Kd4 48. Rg4+ Kd5
49. Kc3 Re6 50. Rg5+ Kd6 51. Kc4 Re4+ 52. Kc3 Rd4 53. Rg6+ Kc7 54. Rg8
1/2-1/2

[Event "It"]
[Site "Hereford ENG"]
[Date "2006.08.29"]
[Round "2"]
[White "Wells,P"]
[Black "Palliser,R"]
[Result "1-0"]
[WhiteElo "2480"]
[BlackElo "2413"]
[EventDate "2006.08.29"]

1. d4 Nf6 2. c4 c5 3. d5 e6 4. Nc3 exd5 5. cxd5 d6 6. e4 g6 7. f4 Bg7 8.
Bb5+ Nbd7 9. e5 dxe5 10. fxe5 Nh5 11. e6 Qh4+ 12. g3 Nxg3 13. hxg3 Qxh1 14.
Be3 Bxc3+ 15. bxc3 a6 16. exd7+ Bxd7 17. Bxd7+ Kxd7 18. Qg4+ f5 19. Qf3
Qxf3 20. Nxf3 Rhe8 21. Kf2 Re4 22. Ng5 Ra4 23. Nxh7 Rh8 24. Rh1 Kd6 25.
Bf4+ Kxd5 26. Nf6+ Ke6 27. Rxh8 Kxf6 28. Rc8 Rxa2+ 29. Ke3 g5 30. Bb8 Ra5
31. Kd3 Ke6 32. Rg8 Kf6 1-0

[Event "It"]
[Site "Hereford ENG"]
[Date "2006.08.29"]
[Round "2"]
[White "Stark,L"]
[Black "Gormally,D"]
[Result "1/2-1/2"]
[WhiteElo "2419"]
[BlackElo "2513"]
[EventDate "2006.08.29"]

1. c4 Nf6 2. g3 g6 3. Bg2 Bg7 4. Nc3 O-O 5. d3 c5 6. Nh3 Nc6 7. Nf4 e6 8.
O-O Ne7 9. Be3 d6 10. Rb1 e5 11. Nfd5 Nfxd5 12. Nxd5 Be6 13. Nxe7+ Qxe7 14.
b4 Rab8 15. bxc5 1/2-1/2

[Event "It"]
[Site "Hereford ENG"]
[Date "2006.08.29"]
[Round "2"]
[White "Devereaux,M"]
[Black "McNab,C"]
[Result "1/2-1/2"]
[WhiteElo "2377"]
[BlackElo "2433"]
[EventDate "2006.08.29"]

1. d4 d6 2. Nf3 g6 3. c4 Bg7 4. Nc3 Nd7 5. e4 e5 6. Be2 Ngf6 7. Be3 b6 8.
dxe5 dxe5 9. c5 Bb7 10. Qa4 c6 11. Rd1 Qe7 12. cxb6 axb6 13. Qb3 b5 14. a3
O-O 15. O-O h6 16. h3 Rfe8 17. Rd2 Bf8 18. Rfd1 Bc8 19. Qc2 b4 20. axb4
Qxb4 21. Ne1 Nc5 22. Nd3 Nxd3 23. Qxd3 Be6 24. Rf1 Re7 25. Qd6 Qxd6 26.
Rxd6 Rc7 27. Rxe6 fxe6 28. Bc4 Re8 29. f3 Nd7 30. Na4 Kg7 31. h4 Ra8 32. b3
Re8 33. g3 Bb4 34. Kf2 Nf8 35. Ke2 Rd7 36. Nb6 Ra7 37. Na4 Rd7 38. Nc5 Bxc5
39. Bxc5 Ra8 40. Bb4 Ra2+ 41. Ke3 Rc2 42. Bd3 Rb2 43. Bc4 Rb7 44. Bc3 R2xb3
45. Bxb3 Rxb3 46. Kd3 Nd7 47. Ra1 Rb7 48. Ra5 Kf7 49. Kc4 h5 50. Ra6 Rc7
51. Ba5 Rc8 52. Ra7 Ke7 53. Bb4+ c5 54. Bd2 Kd6 55. Ra6+ Rc6 56. Ra2 Rb6
57. Ba5 Rb1 58. Bd8 Nb6+ 59. Bxb6 Rxb6 60. Rd2+ Kc6 61. Rd8 Rb4+ 62. Kc3
Ra4 63. Rc8+ Kd7 64. Rg8 Ra3+ 65. Kc4 Rxf3 66. Rxg6 Kd6 67. Rg8 Re3 68.
Rd8+ Ke7 69. Rh8 Rxe4+ 70. Kxc5 Re3 71. Rh7+ Kf6 72. Rh6+ Kf7 73. Rxh5 Rxg3
74. Rxe5 Kf6 75. Re1 1/2-1/2

[Event "It"]
[Site "Hereford ENG"]
[Date "2006.08.30"]
[Round "3"]
[White "McNab,C"]
[Black "Gourlay,I"]
[Result "1/2-1/2"]
[WhiteElo "2433"]
[BlackElo "2337"]
[EventDate "2006.08.29"]

1. c4 c5 2. Nf3 g6 3. g3 Bg7 4. Bg2 Nc6 5. Nc3 d6 6. O-O e5 7. d3 Nge7 8.
Bg5 f6 9. Bd2 O-O 10. a3 Be6 11. Ne1 Rb8 12. b4 b6 13. Nd5 Bf7 14. Nxe7+
Nxe7 15. Nc2 Qd7 16. Rb1 h6 17. Ne3 f5 18. Nd5 Nxd5 19. cxd5 g5 20. e4
1/2-1/2

[Event "It"]
[Site "Hereford ENG"]
[Date "2006.08.30"]
[Round "3"]
[White "Palliser,R"]
[Black "Stark,L"]
[Result "1/2-1/2"]
[WhiteElo "2413"]
[BlackElo "2419"]
[EventDate "2006.08.29"]

1. d4 e6 2. c4 Nf6 3. Nc3 c5 4. d5 exd5 5. cxd5 Bd6 6. Nf3 Bc7 7. Bg5 d6 8.
e3 O-O 9. Be2 a6 10. Nd2 h6 11. Bh4 b5 12. a4 b4 13. Nce4 Nbd7 14. Nc4 Qe7
15. Nxf6+ Nxf6 16. Bxf6 Qxf6 17. e4 Qg6 18. Bf3 a5 19. O-O 1/2-1/2

[Event "It"]
[Site "Hereford ENG"]
[Date "2006.08.30"]
[Round "3"]
[White "Cobb,J"]
[Black "Wells,P"]
[Result "1/2-1/2"]
[WhiteElo "2370"]
[BlackElo "2480"]
[EventDate "2006.08.29"]

1. d4 Nf6 2. Nf3 d5 3. c4 e6 4. e3 c5 5. Nc3 cxd4 6. exd4 Bb4 7. cxd5 Nxd5
8. Bd2 Nc6 9. Bd3 Be7 10. a3 O-O 11. O-O Bf6 12. Qc2 h6 13. Be3 Nce7 14.
Ne4 b6 15. Rad1 Bb7 16. Qd2 Nf5 17. Bb1 Ba6 18. Rfe1 Rc8 19. Bf4 Nxf4
1/2-1/2

[Event "It"]
[Site "Hereford ENG"]
[Date "2006.08.31"]
[Round "4"]
[White "Gourlay,I"]
[Black "Sowray,P"]
[Result "1-0"]
[WhiteElo "2337"]
[BlackElo "2357"]
[EventDate "2006.08.29"]

1. Nf3 g6 2. c4 Bg7 3. Nc3 d6 4. g3 e5 5. Bg2 f5 6. d3 Nf6 7. O-O O-O 8.
Rb1 Nh5 9. Nd2 f4 10. b4 Nc6 11. b5 Nd4 12. e3 Ne6 13. Nce4 Kh8 14. a4 Rb8
15. Bb2 Qe8 16. Nf3 Qf7 17. d4 exd4 18. exf4 Nc5 19. Nxd4 Nxe4 20. Bxe4
Qxc4 21. Rc1 Qf7 22. Qc2 Bh3 23. Rfe1 Rfe8 24. Nf3 Bxb2 25. Qxb2+ Qf6 26.
Qd2 Bg4 27. Rxc7 Rxe4 28. Rxe4 Bxf3 29. Ree7 a6 30. Rf7 Qa1+ 31. Rc1 Qa3
32. Rc3 Qa1+ 33. Rc1 Qa3 34. Re7 Qxa4 35. Qc3+ Kg8 36. Qc8+ 1-0

[Event "It"]
[Site "Hereford ENG"]
[Date "2006.08.31"]
[Round "4"]
[White "Stark,L"]
[Black "Cobb,J"]
[Result "1-0"]
[WhiteElo "2419"]
[BlackElo "2370"]
[EventDate "2006.08.29"]

1. c4 g6 2. g3 Bg7 3. Bg2 d6 4. Nc3 e5 5. e4 Nc6 6. Nge2 f5 7. d3 Nf6 8.
O-O O-O 9. Nd5 Be6 10. Bg5 Qd7 11. Qd2 Kh8 12. Rac1 Ng8 13. b4 Nd8 14. exf5
Bxf5 15. d4 Nf7 16. Be3 Rae8 17. b5 c6 18. bxc6 bxc6 19. Nb4 e4 20. Kh1 Nf6
21. Ng1 Ng4 22. h3 Nxe3 23. fxe3 h5 24. Kh2 Ng5 25. d5 cxd5 26. cxd5 Rb8
27. Nc6 Rb2 28. Rc2 Rxc2 29. Qxc2 Qb7 30. Qe2 Re8 31. Rxf5 1-0

[Event "It"]
[Site "Hereford ENG"]
[Date "2006.08.31"]
[Round "4"]
[White "McNab,C"]
[Black "Gormally,D"]
[Result "1/2-1/2"]
[WhiteElo "2433"]
[BlackElo "2513"]
[EventDate "2006.08.29"]

1. Nf3 g6 2. c4 Bg7 3. g3 Nf6 4. Bg2 d6 5. d4 c5 6. O-O cxd4 7. Nxd4 O-O 8.
b3 Nc6 9. Bb2 Bd7 10. Nc3 Nxd4 11. Qxd4 Bc6 12. Rad1 Qa5 13. Qd2 Rfd8 14.
Nd5 Qxd2 15. Rxd2 Bxd5 16. cxd5 Rdc8 17. Bxf6 Bxf6 18. Be4 Rc5 19. Rc2 Ra5
20. Rfc1 Kg7 21. Rd2 b5 22. Rc7 Rb8 23. Bb1 b4 24. e4 Bc3 25. Re2 Kf6 26.
a4 g5 27. Bd3 Bd4 28. Kg2 Rc5 29. Rxc5 Bxc5 30. f4 Bd4 31. Kf3 h5 32. fxg5+
Kxg5 33. Rc2 Kf6 34. Rc7 Bb6 35. Rc4 Bc5 36. Kf4 Rg8 37. Be2 h4 38. g4 Rg5
39. Rc1 Bd4 40. h3 Bc3 41. Ke3 Rg8 42. Rf1+ Kg7 1/2-1/2

[Event "It"]
[Site "Hereford ENG"]
[Date "2006.08.31"]
[Round "5"]
[White "Gormally,D"]
[Black "Gourlay,I"]
[Result "1-0"]
[WhiteElo "2513"]
[BlackElo "2337"]
[EventDate "2006.08.29"]

1. d4 Nf6 2. c4 g6 3. Nc3 Bg7 4. e4 d6 5. Bd3 O-O 6. Nge2 Nc6 7. O-O Nh5 8.
Bc2 e5 9. d5 Ne7 10. a4 f5 11. exf5 gxf5 12. Bg5 f4 13. Ng3 Nf6 14. Nh5 Qe8
15. Bxf6 Bxf6 16. Ne4 Bg7 17. Ng5 Nf5 18. Re1 Qg6 19. Ne6 Bxe6 20. dxe6
Qxe6 21. Nxf4 Qf7 22. Nh3 Kh8 23. Ra3 Bh6 24. Rf3 Qg6 25. Qb1 e4 26. Bxe4
Rae8 27. Rd1 Re5 28. Rd5 1-0

[Event "It"]
[Site "Hereford ENG"]
[Date "2006.08.31"]
[Round "5"]
[White "Cobb,J"]
[Black "Devereaux,M"]
[Result "1-0"]
[WhiteElo "2370"]
[BlackElo "2377"]
[EventDate "2006.08.29"]

1. d4 d5 2. c4 c6 3. Nf3 Nf6 4. Nc3 dxc4 5. a4 Bf5 6. e3 e6 7. Bxc4 Bb4 8.
O-O O-O 9. Qe2 Ne4 10. Ne5 Nd7 11. Nxd7 Qxd7 12. Na2 Ba5 13. b4 Bc7 14. f3
Nd6 15. Bb3 Bg6 16. Bb2 a5 17. Rac1 axb4 18. Nxb4 Nf5 19. Nd3 Qd6 20. f4
Bb6 21. Rfd1 Ne7 22. Nc5 Qc7 23. Qf3 Bxc5 24. dxc5 Rfd8 25. e4 Rxd1+ 26.
Rxd1 Rd8 27. Rxd8+ Qxd8 28. Qc3 Qf8 29. Qe5 h6 30. g4 f6 31. Qxe6+ Bf7 32.
Qxf7+ Qxf7 33. Bxf7+ Kxf7 34. f5 g6 35. Kf2 h5 36. h3 hxg4 37. hxg4 gxf5
38. gxf5 Ng8 39. Bc1 Ne7 40. Ke2 Nc8 41. Be3 Na7 42. Kd3 Nc8 43. Kc4 Na7
44. Kb4 Nc8 45. Bd4 Ke7 46. Bc3 Na7 47. Bb2 Kf7 48. a5 Nb5 49. a6 bxa6 50.
Ka5 Ke7 51. Kxa6 Kd7 52. Kb7 1-0

[Event "It"]
[Site "Hereford ENG"]
[Date "2006.08.31"]
[Round "5"]
[White "Sowray,P"]
[Black "Wells,P"]
[Result "1/2-1/2"]
[WhiteElo "2357"]
[BlackElo "2480"]
[EventDate "2006.08.29"]

1. e4 c5 2. c3 g6 3. d4 cxd4 4. cxd4 d5 5. e5 a6 6. Nc3 Nc6 7. h3 Bg7 8.
Nf3 f6 9. Bf4 e6 10. Be2 fxe5 11. dxe5 Nh6 12. O-O O-O 13. Bxh6 Bxh6 14.
Bd3 Bd7 15. Qe2 Qb6 16. Rad1 Rf4 17. Nh2 Nd4 18. Qe1 Raf8 19. Ng4 Bg7 20.
Ne2 Rxg4 21. hxg4 Bxe5 22. Nxd4 Bxd4 23. Be2 e5 24. Bf3 e4 25. Qd2 Bb5
1/2-1/2

[Event "It"]
[Site "Hereford ENG"]
[Date "2006.09.01"]
[Round "6"]
[White "Gourlay,I"]
[Black "Wells,P"]
[Result "1/2-1/2"]
[WhiteElo "2337"]
[BlackElo "2480"]
[EventDate "2006.08.29"]

1. Nf3 c5 2. g3 Nc6 3. c4 g6 4. Nc3 Bg7 5. Bg2 d6 6. O-O Bd7 7. e3 Bxc3 8.
bxc3 f5 9. e4 Nf6 10. exf5 Bxf5 11. d3 Qd7 12. Re1 Bg4 13. Bh6 O-O-O 14.
Qd2 Bh3 15. Bh1 Ng4 16. Bg7 Rhg8 17. Ng5 Rxg7 18. Nxh3 Rf8 19. Bd5 Nd8 20.
f3 Nf6 21. Ng5 e5 22. Rf1 h6 23. Ne4 Nxd5 24. cxd5 g5 25. d4 exd4 26. cxd4
b6 27. a4 Rgf7 28. a5 Rxf3 29. Rxf3 Rxf3 30. axb6 axb6 31. dxc5 dxc5 32.
Ra8+ Kc7 33. Qa2 Nb7 34. Qa7 b5 35. Qb8+ Kb6 36. Qa7+ Kc7 37. Qb8+ 1/2-1/2

[Event "It"]
[Site "Hereford ENG"]
[Date "2006.09.01"]
[Round "6"]
[White "Stark,L"]
[Black "Sowray,P"]
[Result "1/2-1/2"]
[WhiteElo "2419"]
[BlackElo "2357"]
[EventDate "2006.08.29"]

1. c4 Nf6 2. g3 c6 3. Nf3 d5 4. Qc2 Bg4 5. Bg2 Nbd7 6. O-O e6 7. b3 Bd6 8.
Bb2 O-O 9. d3 Qe7 10. Nbd2 a5 11. e4 dxe4 12. dxe4 e5 13. h3 Bxf3 14. Nxf3
Rfe8 15. Nh4 Qd8 16. Rad1 Qc7 17. Bc3 Bf8 18. Rd2 Nc5 19. Rfd1 Ne6 20. Nf3
Nc5 21. Re2 Ncd7 22. Nh4 Nc5 23. Nf5 g6 24. Nh4 Bg7 25. Nf3 Nfd7 26. h4 Nf6
27. Bh3 h5 28. Ng5 Ng4 29. Nf3 Nf6 30. Bg2 Ng4 31. Nh2 Nxh2 32. Kxh2 Rad8
33. Red2 b6 34. f3 Bf6 35. Bf1 Rxd2+ 36. Rxd2 Rd8 37. Qd1 Rxd2+ 38. Qxd2
Bg7 39. Bg2 Bf8 40. Bf1 Bd6 41. Be2 Ne6 42. Bf1 Bc5 43. Bh3 Nd4 44. Qd3 Qd6
45. Kg2 Bb4 46. Bb2 Ba3 47. Bc3 Bb4 48. Bb2 Ba3 49. Bxd4 Bc5 50. f4 1/2-1/2

[Event "It"]
[Site "Hereford ENG"]
[Date "2006.09.01"]
[Round "6"]
[White "Gormally,D"]
[Black "Palliser,R"]
[Result "1-0"]
[WhiteElo "2513"]
[BlackElo "2413"]
[EventDate "2006.08.29"]

1. e4 c5 2. Nf3 d6 3. d4 cxd4 4. Nxd4 Nf6 5. Nc3 a6 6. Bc4 e6 7. Bb3 b5 8.
O-O Be7 9. Qf3 Qc7 10. Qg3 Nc6 11. Nxc6 Qxc6 12. Re1 Bb7 13. a3 Rd8 14. f3
O-O 15. Bh6 Ne8 16. Rad1 Kh8 17. Bg5 Bxg5 18. Qxg5 Nf6 19. Qe3 Rd7 20. Rd3
Rfd8 21. Red1 Qc5 22. Ne2 Qxe3+ 23. Rxe3 Kg8 24. a4 b4 25. a5 Rc8 26. Red3
e5 27. Rxd6 Rcd8 28. Rxd7 Rxd7 29. Rxd7 Nxd7 30. Nc1 Nc5 31. Bc4 1-0

[Event "It"]
[Site "Hereford ENG"]
[Date "2006.09.02"]
[Round "7"]
[White "Cobb,J"]
[Black "Gormally,D"]
[Result "1-0"]
[WhiteElo "2370"]
[BlackElo "2513"]
[EventDate "2006.08.29"]

1. Nf3 d5 2. b3 Bg4 3. Bb2 Nd7 4. e3 Ngf6 5. Be2 e6 6. O-O Bd6 7. d4 Bxf3
8. Bxf3 Qe7 9. c4 c6 10. Nd2 O-O 11. Re1 Ba3 12. Bc3 Bb4 13. Qc2 e5 14.
Bxb4 Qxb4 15. a3 Qd6 16. Qb2 e4 17. Bd1 Ne8 18. b4 f5 19. Bb3 Kh8 20. b5
Nef6 21. Nf1 cxb5 22. c5 Qe6 23. a4 b6 24. c6 Qxc6 25. Rec1 Qd6 26. axb5 f4
27. Rc6 Qb4 28. exf4 Qxb5 29. Rc7 a5 30. Qc2 Qb4 31. Ne3 Qxd4 32. Rd1 Qb4
33. Bxd5 Rad8 34. Rc4 Qe7 35. Nf5 Qe8 36. Nd6 Qh5 37. Bxe4 Nxe4 38. Rxe4
Qg6 39. f5 Qf6 40. Re6 Qg5 41. Qe2 Nc5 42. f4 Qxf4 43. Nf7+ Kg8 44. Nxd8
1-0

[Event "It"]
[Site "Hereford ENG"]
[Date "2006.09.02"]
[Round "7"]
[White "Sowray,P"]
[Black "Devereaux,M"]
[Result "1/2-1/2"]
[WhiteElo "2357"]
[BlackElo "2377"]
[EventDate "2006.08.29"]

1. Nf3 Nf6 2. c4 c6 3. d4 d5 4. e3 Bf5 5. Nc3 e6 6. Nh4 Bg6 7. Qb3 Qb6 8.
Nxg6 hxg6 9. c5 Qc7 10. f4 b6 11. cxb6 axb6 12. Bd2 Be7 13. Bd3 Nbd7 14.
Qc2 c5 15. O-O O-O 16. Be1 Rfc8 17. Bh4 cxd4 18. exd4 Bb4 19. Rac1 Qa7 20.
Ra1 Rc7 21. Be1 Qb7 22. Qe2 Bxc3 23. Bxc3 Ne4 24. Bb4 f5 25. a3 Qc8 26. Qe3
Ndf6 27. h3 Raa7 28. Kh2 Kf7 29. Rae1 Qh8 30. Kg1 Rc6 31. Rc1 Rac7 32. Rxc6
Rxc6 33. Rc1 Qc8 34. Rxc6 Qxc6 35. g3 Qc7 36. Kg2 Nh5 37. Be1 Ke7 38. a4
Nhf6 39. b4 Ne8 40. a5 N8d6 41. Qe2 Nc4 42. axb6 Nxb6 43. b5 Qc1 44. Bb4+
Kf7 45. Qc2 Qe3 46. Bxe4 dxe4 47. Qc7+ 1/2-1/2

[Event "It"]
[Site "Hereford ENG"]
[Date "2006.09.02"]
[Round "7"]
[White "Wells,P"]
[Black "Stark,L"]
[Result "1-0"]
[WhiteElo "2480"]
[BlackElo "2419"]
[EventDate "2006.08.29"]

1. Nf3 Nf6 2. c4 Nc6 3. d4 e6 4. a3 d5 5. Nc3 g6 6. Bf4 a6 7. e3 Bg7 8. Qc2
Nh5 9. Bg5 f6 10. Bh4 g5 11. g4 gxh4 12. gxh5 f5 13. Rg1 Bf6 14. cxd5 exd5
15. Bd3 Ne7 16. Ne2 Qd6 17. Rc1 c6 18. b4 Bd7 19. Qc5 Nc8 20. Nf4 Qe7 21.
h6 Nd6 22. Nh5 Rf8 23. Ng7+ Kd8 24. Qb6+ Kc8 25. Nh5 Bh8 26. Nf4 Kb8 27.
Rg7 Bxg7 28. hxg7 Rg8 29. Nxd5 cxd5 30. Qc7+ Ka7 31. Rc6 Bxc6 32. Qxe7 Rad8
33. Ne5 Kb6 34. Bc2 Rge8 35. Qxh4 Nc4 36. Bxf5 Nxe5 37. dxe5 d4 38. exd4
Bd5 39. Qf6+ Kb5 40. Bxh7 b6 41. h4 Bb3 42. Bg6 Rg8 43. Bf7 1-0

[Event "It"]
[Site "Hereford ENG"]
[Date "2006.09.02"]
[Round "8"]
[White "Gourlay,I"]
[Black "Stark,L"]
[Result "0-1"]
[WhiteElo "2337"]
[BlackElo "2419"]
[EventDate "2006.08.29"]

1. Nf3 Nf6 2. g3 b5 3. Bg2 Bb7 4. O-O e6 5. d3 c5 6. e4 d6 7. Ne1 Nc6 8. f4
Be7 9. Be3 O-O 10. Nd2 Qc7 11. g4 Nd7 12. g5 f5 13. gxf6 Bxf6 14. c3 b4 15.
Rc1 bxc3 16. bxc3 e5 17. f5 Ne7 18. Rf3 d5 19. Rh3 Rf7 20. Qh5 Nf8 21. Bg5
Rd8 22. Nef3 c4 23. exd5 Nxd5 24. dxc4 Nf4 25. Bxf4 exf4 26. Nd4 Bxg2 27.
Kxg2 Bxd4 28. cxd4 Rxd4 29. Rc2 Rd5 30. Rhc3 Rdxf5 31. Qf3 Ne6 32. Qd3 f3+
33. Kf1 Qxh2 34. Ne4 f2 0-1

[Event "It"]
[Site "Hereford ENG"]
[Date "2006.09.02"]
[Round "8"]
[White "Devereaux,M"]
[Black "Wells,P"]
[Result "1/2-1/2"]
[WhiteElo "2377"]
[BlackElo "2480"]
[EventDate "2006.08.29"]

1. d4 Nf6 2. c4 e6 3. Nc3 Bb4 4. Qc2 O-O 5. a3 Bxc3+ 6. Qxc3 b6 7. Bg5 Bb7
8. e3 d6 9. f3 Nbd7 10. Bd3 c5 11. Ne2 Rc8 12. Qb3 h6 13. Bh4 d5 14. O-O
Ba6 15. Rac1 b5 16. cxb5 c4 17. Bxc4 dxc4 18. Qa4 Bb7 19. Qxa7 Bd5 20. Bg3
Ne8 21. Qa4 f5 22. Qb4 Nb6 23. Be5 Nd7 24. Bg3 Nb6 25. Be5 Nd7 1/2-1/2

[Event "It"]
[Site "Hereford ENG"]
[Date "2006.09.02"]
[Round "8"]
[White "Palliser,R"]
[Black "Cobb,J"]
[Result "1-0"]
[WhiteElo "2413"]
[BlackElo "2370"]
[EventDate "2006.08.29"]

1. d4 e6 2. c4 d5 3. Nc3 Be7 4. cxd5 exd5 5. Bf4 c6 6. e3 Bf5 7. g4 Be6 8.
h3 g5 9. Be5 f6 10. Bxb8 Qxb8 11. Bd3 Qc7 12. Qf3 O-O-O 13. Nge2 Bb4 14.
Ng3 Rf8 15. Ke2 Ne7 16. Rhc1 Bxc3 17. Rxc3 h5 18. Bf5 Nxf5 19. Nxf5 hxg4
20. hxg4 Qh2 21. Rcc1 Qh3 22. Rh1 Qxf3+ 23. Kxf3 Kd7 24. b4 b6 25. a4 Bxf5
26. gxf5 Kd6 27. a5 Rxh1 28. Rxh1 bxa5 29. bxa5 Rf7 30. Rh8 c5 31. dxc5+
Kxc5 32. Kg4 Kb5 33. Kh5 Rc7 34. Kg6 Rc6 35. Rf8 Kxa5 36. Rxf6 Rc2 37. Rd6
Rxf2 38. Rxd5+ Kb4 39. Kxg5 a5 40. e4 Kc4 41. Rxa5 Kd4 1-0

[Event "It"]
[Site "Hereford ENG"]
[Date "2006.09.03"]
[Round "9"]
[White "Cobb,J"]
[Black "Gourlay,I"]
[Result "1-0"]
[WhiteElo "2370"]
[BlackElo "2337"]
[EventDate "2006.08.29"]

1. d4 Nf6 2. Nf3 g6 3. c4 Bg7 4. g3 O-O 5. Bg2 d6 6. O-O Nbd7 7. Nc3 e5 8.
h3 a6 9. e4 b5 10. dxe5 dxe5 11. Qe2 c6 12. Rd1 Qe7 13. Nd2 Nc5 14. Nb3 Be6
15. Nxc5 Qxc5 16. cxb5 axb5 17. Be3 Qb4 18. Qc2 Rfc8 19. f4 exf4 20. gxf4
Bh6 21. Qf2 Re8 22. Bc5 Qc4 23. Rac1 Bxf4 24. b3 Bg3 25. bxc4 Bxf2+ 26.
Kxf2 Bxc4 27. Rd6 Re6 28. Rcd1 Nh5 29. Rxe6 Bxe6 30. Ke3 f6 31. a3 Kf7 32.
Rd6 Rc8 33. Ne2 g5 34. Bf1 Bc4 35. Rd7+ Kg6 36. Bd6 Bxe2 37. Bxe2 Ng7 38.
Rc7 Rxc7 39. Bxc7 Ne6 40. Bd6 h5 41. Kd3 c5 42. Kc3 b4+ 43. axb4 cxb4+ 44.
Kxb4 Ng7 45. Bd3 Ne6 46. Kc4 g4 47. h4 Kf7 48. Kd5 Ng7 49. Bg3 Ke7 50. Kd4
Ne6+ 51. Ke3 Kf8 52. Bc4 Nc5 1-0

[Event "It"]
[Site "Hereford ENG"]
[Date "2006.09.03"]
[Round "9"]
[White "Wells,P"]
[Black "McNab,C"]
[Result "1/2-1/2"]
[WhiteElo "2480"]
[BlackElo "2433"]
[EventDate "2006.08.29"]

1. d4 d6 2. Nf3 g6 3. c4 Bg7 4. Nc3 e5 5. e4 Nc6 6. Bg5 f6 7. Be3 Nh6 8.
dxe5 dxe5 9. Qxd8+ Kxd8 10. O-O-O+ Bd7 11. h3 Nf7 12. c5 Kc8 13. Bc4 Ncd8
14. h4 Be6 15. Bxe6+ Nxe6 16. h5 c6 17. Nh4 g5 18. Nf5 Rd8 19. Kc2 Bf8 20.
b4 Kc7 21. Kb3 Rxd1 22. Rxd1 Rd8 23. Rxd8 Kxd8 24. Kc4 a6 25. Nd1 Kc7 26.
f3 Nf4 27. Bxf4 exf4 28. Nf2 Ne5+ 29. Kc3 b6 30. cxb6+ Kxb6 31. Ng4 Nxg4
32. fxg4 c5 33. bxc5+ Kxc5 34. Nd4 Be7 35. a4 Bd6 36. Nb3+ Kc6 37. Kc4 Ba3
38. Nd4+ Kd6 39. Nf3 Bb2 40. Ne1 Ba3 41. Nd3 Ke6 42. Ne1 Ke5 43. Kd3 Kd6
44. Nf3 Bb2 45. Kc4 Kc6 46. Ne1 Ba3 47. Nd3 Kd6 48. a5 h6 49. Kd4 Kc6 50.
e5 fxe5+ 51. Kxe5 Kb5 52. Kf6 Kc4 53. Ne5+ Kd4 54. Nf3+ Ke3 55. Kg7 Bb4 56.
Kxh6 Bxa5 57. Kxg5 Bc3 58. Kf5 a5 59. g5 a4 60. h6 a3 61. g6 a2 62. g7 a1=Q
63. g8=Q Qa5+ 64. Kg4 Kf2 65. Kxf4 Bd2+ 66. Ke4 Bxh6 67. Qc4 1/2-1/2

[Event "It"]
[Site "Hereford ENG"]
[Date "2006.09.03"]
[Round "9"]
[White "Stark,L"]
[Black "Devereaux,M"]
[Result "1-0"]
[WhiteElo "2419"]
[BlackElo "2377"]
[EventDate "2006.08.29"]

1. c4 Nf6 2. g3 c6 3. Nf3 d5 4. Bg2 dxc4 5. Qc2 Be6 6. Ng5 Bd5 7. e4 h6 8.
Nh3 Be6 9. Nf4 Bc8 10. Qxc4 e5 11. Nd3 Bd6 12. Qc3 Qe7 13. Na3 Nbd7 14. Nc4
O-O 15. O-O Re8 16. b4 Nb6 17. Na5 Nfd7 18. a4 c5 19. b5 a6 20. Bb2 axb5
21. axb5 Rxa5 22. Qxa5 c4 23. Ne1 Bb4 24. Qa7 Bxd2 25. Ba3 Bb4 26. Bxb4
Qxb4 27. Nc2 Qc5 28. Ne3 Qc7 29. Qa5 Qc5 30. Rfc1 Nf6 31. Qa7 Ng4 32. Rxc4
Qxb5 33. Rc3 Nxe3 34. Rxe3 Nd7 35. Rc3 Nf6 36. Rc7 Qe2 37. Qa2 Qh5 38. Qc2
Be6 39. Rxb7 Rc8 40. Qb2 Kh7 41. Rb5 Nd7 42. Rc1 Rxc1+ 43. Qxc1 Qe2 44. Rb2
Qa6 45. Rb1 Nf6 46. Qb2 Qd6 47. h3 Nd7 48. Rc1 Nf6 49. Kh2 Nd7 50. Qc3 Nf6
51. Rc2 Qd1 52. Qd2 Qh5 53. Qe2 Bg4 54. f3 Be6 55. Rc5 Nd7 56. Ra5 Qg5 57.
Qe1 Qd8 58. Qc3 Qb8 59. h4 Qb6 60. Ra1 h5 61. Qd2 f6 62. Rc1 Nf8 63. Rd1
Ng6 64. Ra1 Qb7 65. Qf2 Qb4 66. Ra7 Nh8 67. Ra6 Bc4 68. Rb6 Qa5 69. Rb7 Nf7
70. Ra7 Qb4 71. Bh3 Nh6 72. Bg2 Be6 73. Rc7 Nf7 74. Qa7 Qb3 75. Qa6 Kg6 76.
Qe2 Nh6 77. Qd2 Qb6 78. Qc2 Qb4 79. Rc6 Bd7 80. Ra6 Qb8 81. Qa2 Qc8 82. Rb6
Qc7 83. Qb2 Qc4 84. Qxe5 1-0